000 00218 a2200085 4500
020 _a9781731428264
100 _aRATH, SUDIPTA
245 _aNUTRITION FOR THE MIND MORNING INTAKE IN EMPTY BRAIN
260 _bPOTHI.COM
_c2018
999 _c218423
_d218423